[Event "AUTO-ADV-1698"]
[Site "http://www.queenalice.com/game.php?id=791662"]
[Date "2010.6.18"]
[Round "2"]
[White "LeroyGreat"]
[Black "spacey"]
[Result "1-0"]
[WhiteElo "1864"]
[BlackElo "1895"]

1. e4 e6 2. d4 d5 3. Nc3 c5 4. exd5 exd5 5. dxc5 Nf6 6. Bg5 Be6 7. Bxf6 Qxf6 8.
Qf3 Qxf3 9. Nxf3 Bxc5 10. O-O-O O-O 11. Nxd5 Nc6 12. Nc7 Rac8 13. Nxe6 fxe6 14.
Bc4 Rce8 15. Rhe1 Bxf2 16. Re2 Bb6 17. Rxe6 Rxe6 18. Bxe6+ Kh8 19. Rd7 Rb8 20.
Ng5 h6 21. Nf7+ Kh7 22. Bf5+ Kg8 23. Nd6 Nd4 24. Bd3 Rd8 25. Rxd8+ Bxd8 26. Nxb7
Bc7 27. g3 Kf7 28. Kd2 Nf3+ 29. Ke3 Nxh2 30. Kf2 Ng4+ 31. Kg2 Nf6 32. Nc5 Nd5
33. a3 g5 34. c4 Nf6 35. b4 Ke7 36. a4 Bb6 37. Ne4 Nxe4 38. Bxe4 Ke6 39. c5 Bc7
40. b5 Ke5 41. Bc2 Kd5 42. c6 Kc5 43. g4 Kb6 44. Kf3 a6 45. Bd3 axb5 46. axb5
Kc5 47. Ke4 Bd6 48. Kf5 Kb6 49. Ke6 Kc7 50. Kf7 h5 51. gxh5 g4 52. h6 g3 53. Bf1
Be5 54. Kg8 Kb6 55. h7 1-0

[Event "AUTO-INT-1545"]
[Site "http://www.queenalice.com/game.php?id=793632"]
[Date "2010.6.22"]
[Round "2"]
[White "LeroyGreat"]
[Black "markmooney"]
[Result "1-0"]
[WhiteElo "1931"]
[BlackElo "1776"]

1. e4 c5 2. Nf3 Nc6 3. d4 cxd4 4. Nxd4 e5 5. Nb5 Nf6 6. N1c3 a6 7. Nd6+ Bxd6 8.
Qxd6 Nd4 9. Qxe5+ Ne6 10. Bg5 d6 11. Qg3 Nxg5 12. Qxg5 Be6 13. O-O-O O-O 14. e5
h6 15. Qh4 g5 16. Qb4 Ng4 17. Rxd6 Qe7 18. Qd4 Rac8 19. f3 Rc4 20. Bxc4 Bxc4 21.
fxg4 Rc8 22. Rd1 Qc7 23. Rd8+ Rxd8 24. Qxd8+ Qxd8 25. Rxd8+ Kg7 26. b3 Bf1 27.
Rd7 Bxg2 28. e6 1-0

[Event "AUTO-INT-1545"]
[Site "http://www.queenalice.com/game.php?id=793633"]
[Date "2010.6.22"]
[Round "2"]
[White "markmooney"]
[Black "LeroyGreat"]
[Result "1-0"]
[WhiteElo "1838"]
[BlackElo "1936"]

1. c4 e5 2. Nc3 f5 3. e4 d6 4. f3 Nf6 5. Bd3 f4 6. Nge2 Be6 7. g3 fxg3 8. hxg3
g5 9. Qa4+ Qd7 10. Qb4 b6 11. Nd5 Nxd5 12. cxd5 Bh3 13. Bb5 c6 14. dxc6 Nxc6 15.
Bxc6 Qxc6 16. Rxh3 1-0

[Event "AUTO-INT-1545"]
[Site "http://www.queenalice.com/game.php?id=793634"]
[Date "2010.6.22"]
[Round "2"]
[White "LeroyGreat"]
[Black "carpielo"]
[Result "0-1"]
[WhiteElo "1914"]
[BlackElo "1733"]

1. e4 e5 2. Nc3 Nf6 3. Bc4 c6 4. d4 Bb4 5. dxe5 Bxc3+ 6. bxc3 Nxe4 7. Qf3 d5 8.
Ba3 b5 9. Bd3 Qg5 10. Bxe4 dxe4 11. Qxe4 Be6 12. Nh3 Qf5 13. Qxf5 Bxf5 14. O-O-O
Nd7 15. Rd6 O-O 16. Rxc6 Nxe5 17. Rc5 Bxh3 18. Rxe5 Bxg2 19. Rg1 f6 20. Rxg2
fxe5 0-1

[Event "AUTO-INT-1545"]
[Site "http://www.queenalice.com/game.php?id=793635"]
[Date "2010.6.22"]
[Round "2"]
[White "carpielo"]
[Black "LeroyGreat"]
[Result "1-0"]
[WhiteElo "1707"]
[BlackElo "1960"]

1. e4 c6 2. d4 d5 3. e5 Bf5 4. Bd3 Bxd3 5. Qxd3 e6 6. Nf3 c5 7. b3 cxd4 8. Qxd4
Nc6 9. Qa4 Bc5 10. O-O Ne7 11. Bd2 O-O 12. Nc3 Ng6 13. Qb5 Bb6 14. Ng5 Ngxe5 15.
h3 f6 16. Nxe6 1-0

[Event "AUTO-INT-1545"]
[Site "http://www.queenalice.com/game.php?id=793636"]
[Date "2010.6.22"]
[Round "2"]
[White "LeroyGreat"]
[Black "backnine"]
[Result "0-1"]
[WhiteElo "1891"]
[BlackElo "1501"]

1. e4 e5 2. Nf3 d6 3. d4 Qe7 4. Bc4 Bg4 5. Nc3 Bxf3 6. gxf3 g6 7. f4 Bg7 8. Be3
Nd7 9. Nd5 Qd8 10. c3 c6 11. Nb4 Ngf6 12. Qc2 O-O 13. O-O-O a5 14. dxe5 dxe5 15.
fxe5 axb4 16. exf6 Bxf6 17. cxb4 Qc7 18. f4 b5 19. Bb3 Nb6 20. h4 Nc4 21. Bxc4
bxc4 22. Qxc4 Ra4 23. h5 Re8 24. hxg6 hxg6 25. f5 Qe5 26. Bd4 Qf4+ 27. Kb1 Qxe4+
28. Qd3 Bxd4 0-1

[Event "AUTO-INT-1545"]
[Site "http://www.queenalice.com/game.php?id=793637"]
[Date "2010.6.22"]
[Round "2"]
[White "backnine"]
[Black "LeroyGreat"]
[Result "0-1"]
[WhiteElo "1531"]
[BlackElo "1861"]

1. e4 e5 2. d3 Bc5 3. g3 Ne7 4. Bg2 d6 5. Nf3 f5 6. O-O fxe4 7. dxe4 Bg4 8. c3
O-O 9. Bg5 h6 10. Bxe7 Qxe7 11. Nbd2 Nd7 12. Qc2 Rf6 13. Nh4 Raf8 14. Nf5 Bxf5
15. exf5 Rxf5 16. Ne4 Bb6 17. b4 d5 18. Nc5 Nxc5 19. Bxd5+ Kh8 20. f3 Nb3+ 21.
Kg2 Nxa1 22. Rxa1 c5 23. bxc5 Qxc5 24. Be4 R5f6 25. Bxb7 Qe3 26. Be4 Rxf3 0-1

[Event "AUTO-ADV-1857"]
[Site "http://www.queenalice.com/game.php?id=814115"]
[Date "2010.8.6"]
[Round "1"]
[White "Modaste1"]
[Black "LeroyGreat"]
[Result "0-1"]
[WhiteElo "1629"]
[BlackElo "1872"]

1. e4 e5 2. Nf3 Nc6 3. Bb5 a6 4. Bxc6 dxc6 5. O-O Bd6 6. d4 exd4 7. Qxd4 f6 8.
e5 fxe5 9. Nxe5 Bxe5 10. Qxe5+ Qe7 11. Qc3 Nf6 12. Re1 Be6 13. f4 g6 14. Qe5 Kf7
15. Be3 Ng4 16. Qc3 Nxe3 17. Rxe3 Qf6 18. Qb4 b6 19. Nc3 Rhe8 20. Ne4 Qf5 21.
Ng5+ Kg8 22. Nxe6 Rxe6 23. Qc4 Kf7 24. Rae1 Re8 0-1

[Event "AUTO-ADV-1857"]
[Site "http://www.queenalice.com/game.php?id=814116"]
[Date "2010.8.6"]
[Round "1"]
[White "LeroyGreat"]
[Black "Modaste1"]
[Result "1-0"]
[WhiteElo "1865"]
[BlackElo "1636"]

1. e4 e5 2. Nf3 Nc6 3. Bb5 Nf6 4. Nc3 d6 5. O-O Bg4 6. h3 Bh5 7. Bxc6+ bxc6 8.
d4 exd4 9. Qxd4 Bxf3 10. gxf3 Be7 11. Qc4 Qd7 12. Bf4 O-O 13. Kg2 Nh5 14. Bh2
Kh8 15. Rad1 f5 16. e5 d5 17. Qa4 Qe6 18. f4 Qh6 19. Rg1 Nxf4+ 20. Qxf4 Bg5 21.
Qd4 Qg6 22. Kh1 Qh5 23. f4 Bh4 24. Rg2 Be7 25. Rdg1 g6 26. e6+ 1-0

[Event "AUTO-ADV-1857"]
[Site "http://www.queenalice.com/game.php?id=814131"]
[Date "2010.8.6"]
[Round "1"]
[White "widad"]
[Black "LeroyGreat"]
[Result "0-1"]
[WhiteElo "1617"]
[BlackElo "1904"]

1. d4 d5 2. c4 e6 3. Nc3 Nf6 4. Bg5 Be7 5. f3 c5 6. Bxf6 Bxf6 7. e3 O-O 8. dxc5
Na6 9. cxd5 Nxc5 10. e4 Bxc3+ 11. bxc3 exd5 12. Bd3 dxe4 13. Bxe4 Nxe4 14. fxe4
Qh4+ 15. Kf1 Qxe4 16. Nf3 Bg4 17. Qe2 Bxf3 18. Qxf3 Qxf3+ 19. gxf3 Rac8 20. Rc1
Rc4 21. Kf2 Rfc8 22. Rhe1 f5 23. Re3 b5 24. Ke2 b4 25. Kd2 R8c7 26. Rd3 f4 27.
a3 a5 28. a4 Kf7 29. Ke2 b3 30. Rb1 Rxc3 31. Rd4 Re3+ 32. Kf2 Rc2+ 33. Kg1 b2
34. Rxf4+ Kg8 35. Rxb2 Rxb2 0-1

[Event "AUTO-ADV-1857"]
[Site "http://www.queenalice.com/game.php?id=814132"]
[Date "2010.8.6"]
[Round "1"]
[White "LeroyGreat"]
[Black "widad"]
[Result "1-0"]
[WhiteElo "1909"]
[BlackElo "1604"]

1. e4 e5 2. Nf3 Nc6 3. Bb5 d6 4. d4 Bd7 5. d5 Nb8 6. Bxd7+ Nxd7 7. Ng5 h6 8. Nh3
Be7 9. f4 Ngf6 10. Qe2 c5 11. O-O O-O 12. f5 Qb6 13. c4 Nh7 14. Nd2 Bg5 15. Nxg5
Nxg5 16. h4 Nh7 17. g4 f6 18. Nf3 a6 19. g5 fxg5 20. hxg5 hxg5 21. Bxg5 Ndf6 22.
Kh2 Kf7 23. Bxf6 Nxf6 24. Ng5+ Ke7 25. Rh1 Rh8+ 26. Kg2 Qb4 27. Ne6 Nh5 28. Rxh5
Rxh5 29. Qxh5 Qd2+ 30. Kg3 Qd3+ 31. Kg4 Qxe4+ 32. Kg5 Qe3+ 33. Kg6 Qg3+ 34. Qg5+
Qxg5+ 35. Kxg5 Kf7 36. Rh1 b5 37. Rh7 Rg8 38. f6 e4 39. Kf4 Kxf6 40. Kxe4 b4 41.
b3 Kg6 42. Rh2 a5 43. Rg2+ Kf7 44. Kf5 1-0

[Event "AUTO-ADV-1857"]
[Site "http://www.queenalice.com/game.php?id=814141"]
[Date "2010.8.6"]
[Round "1"]
[White "ChessColossos"]
[Black "LeroyGreat"]
[Result "0-1"]
[WhiteElo "1757"]
[BlackElo "1893"]

1. e4 e5 2. f4 exf4 3. Nf3 g5 4. d4 d6 5. h4 g4 6. Ng1 Bh6 7. Nc3 Nc6 8. d5 Ne5
9. Nge2 f3 10. gxf3 Nxf3+ 0-1

[Event "Challenge"]
[Site "http://www.queenalice.com/game.php?id=816152"]
[Date "2010.8.10"]
[Round "-"]
[White "thewhitebishop"]
[Black "LeroyGreat"]
[Result "1-0"]
[WhiteElo "2000"]
[BlackElo "1890"]

1. d4 d5 2. c4 e6 3. Nc3 Nf6 4. cxd5 exd5 5. Bg5 Bf5 6. e3 c6 7. Bd3 Bxd3 8.
Qxd3 Bd6 9. f3 h6 10. Bh4 g5 11. Bg3 Bxg3+ 12. hxg3 Nbd7 13. f4 Rg8 14. f5 Qc7
15. Nge2 O-O-O 16. Rxh6 Rde8 17. Kd2 Ne4+ 18. Nxe4 Rxe4 19. Nc3 Rg4 20. Nxd5 1-0

[Event "AUTO-MASTER-1197"]
[Site "http://www.queenalice.com/game.php?id=821636"]
[Date "2010.8.22"]
[Round "1"]
[White "afonso092"]
[Black "LeroyGreat"]
[Result "0-1"]
[WhiteElo "1919"]
[BlackElo "1878"]

1. e4 e5 2. Bc4 Bc5 3. Qh5 Qf6 4. Nf3 d6 5. Qg5 Be6 6. Qxf6 gxf6 7. Bxe6 fxe6 8.
c3 Nc6 9. d3 Nge7 10. Nbd2 O-O-O 11. Nb3 f5 12. Nxc5 dxc5 13. Ke2 Rhg8 14. g3
Ng6 15. Ng5 Nf8 16. Nf3 b6 17. b3 h5 18. Be3 Kb7 19. a3 Nh7 20. b4 cxb4 21. axb4
b5 22. Ra2 a6 23. Rha1 Ra8 24. exf5 exf5 25. Bd2 Nf6 26. h3 e4 27. dxe4 fxe4 28.
Nh4 Ne5 29. Nf5 Nc4 30. Nd4 Nd7 31. Bf4 Nde5 32. Ne6 Nd3 33. Nc5+ Nxc5 34. bxc5
c6 35. Rd1 Rgd8 36. Rxd8 Rxd8 37. Ra1 Rd3 38. Rc1 Kc8 39. h4 Kd7 40. Rd1 Rxd1
41. Kxd1 Ke6 42. g4 hxg4 43. h5 Kf5 44. Bc1 a5 45. Kc2 e3 46. fxe3 g3 47. h6 Kg6
48. e4 g2 0-1

[Event "AUTO-MASTER-1197"]
[Site "http://www.queenalice.com/game.php?id=821637"]
[Date "2010.8.22"]
[Round "1"]
[White "LeroyGreat"]
[Black "afonso092"]
[Result "0-1"]
[WhiteElo "1879"]
[BlackElo "1932"]

1. e4 e5 2. Nf3 d6 3. d4 exd4 4. Nxd4 h6 5. Bc4 Nf6 6. Nc3 Be7 7. O-O O-O 8. f4
Bd7 9. f5 Nc6 10. Nxc6 Bxc6 11. Qe2 Nd7 12. g3 Nb6 13. Bb3 Bf6 14. Nd5 Nxd5 15.
exd5 Bd7 16. Qg4 Kh7 17. Bd2 Re8 18. Rfe1 Be5 19. c4 Bxb2 20. Rxe8 Qxe8 21. Re1
Be5 22. Bc2 f6 23. h4 Qf7 24. h5 Kh8 25. Rb1 b6 26. a4 a5 0-1

[Event "AUTO-MASTER-1197"]
[Site "http://www.queenalice.com/game.php?id=821652"]
[Date "2010.8.22"]
[Round "1"]
[White "Chandra"]
[Black "LeroyGreat"]
[Result "1-0"]
[WhiteElo "2175"]
[BlackElo "1895"]

1. d4 d5 2. c4 e6 3. Nc3 Nf6 4. Bg5 Be7 5. Nf3 b6 6. e3 Bb7 7. cxd5 exd5 8. Bd3
Nbd7 9. O-O O-O 10. Qc2 h6 11. Bf4 Nh5 12. Rad1 Nxf4 13. exf4 c5 14. dxc5 bxc5
15. Nxd5 Bxd5 16. Bh7+ Kh8 17. Rxd5 Qc7 18. Bd3 Nf6 19. Re5 Bd6 20. Rf5 Ng4 21.
Qc3 1-0

[Event "AUTO-MASTER-1197"]
[Site "http://www.queenalice.com/game.php?id=821653"]
[Date "2010.8.22"]
[Round "1"]
[White "LeroyGreat"]
[Black "Chandra"]
[Result "0-1"]
[WhiteElo "1913"]
[BlackElo "2171"]

1. e4 c5 2. Nc3 Nc6 3. Bc4 a6 4. a4 Nf6 5. Nge2 e6 6. d4 cxd4 7. Nxd4 d5 8. exd5
exd5 9. Be2 Bd6 10. Bg5 O-O 11. O-O h6 12. Bh4 Bxh2+ 13. Kxh2 Ng4+ 14. Bxg4
Qxh4+ 15. Kg1 Bxg4 16. Nf3 Bxf3 17. Qxf3 d4 18. Ne2 Rfe8 19. Qf4 Qxf4 20. Nxf4
g5 0-1

[Event "AUTO-MASTER-1197"]
[Site "http://www.queenalice.com/game.php?id=821662"]
[Date "2010.8.22"]
[Round "1"]
[White "li2carpio"]
[Black "LeroyGreat"]
[Result "1-0"]
[WhiteElo "2012"]
[BlackElo "1907"]

1. e4 e5 2. Nf3 Nc6 3. Bc4 Bc5 4. O-O Nge7 5. Nc3 Na5 6. Bb5 c6 7. Be2 b5 8. a3
Bd6 9. d3 Bc7 10. Bg5 f6 11. Bh4 d5 12. d4 O-O 13. dxe5 fxe5 14. exd5 1-0

[Event "AUTO-MASTER-1197"]
[Site "http://www.queenalice.com/game.php?id=821663"]
[Date "2010.8.22"]
[Round "1"]
[White "LeroyGreat"]
[Black "li2carpio"]
[Result "0-1"]
[WhiteElo "1878"]
[BlackElo "2026"]

1. e4 c5 2. Nc3 Nc6 3. Bc4 d6 4. Nge2 Nf6 5. d4 cxd4 6. Nxd4 Bd7 7. O-O e6 8.
Kh1 Be7 9. f4 O-O 10. g4 Nxd4 11. Qxd4 Nxg4 12. Rg1 Bf6 13. Qd2 h5 14. h3 Nh6
15. f5 Kh7 16. Qxd6 exf5 17. Bxh6 gxh6 0-1

[Event "Challenge"]
[Site "http://www.queenalice.com/game.php?id=833494"]
[Date "2010.9.16"]
[Round "-"]
[White "ORNELAS"]
[Black "LeroyGreat"]
[Result "0-1"]
[WhiteElo "1705"]
[BlackElo "1896"]

1. b3 e5 2. d4 exd4 3. Qxd4 Nc6 4. Qe4+ Be7 5. Bb2 d5 6. Qf3 Nf6 7. Qg3 O-O 8.
Nd2 Bf5 9. Ngf3 Bxc2 10. Bxf6 Bxf6 11. Qf4 Bxa1 12. g3 Bc3 13. Bg2 Bxd2+ 14.
Nxd2 Qd6 15. Qg5 Qe5 16. Qxe5 Nxe5 17. O-O c6 18. Nf3 Nxf3+ 19. Bxf3 Be4 20.
Bxe4 dxe4 21. e3 Rfd8 22. Kg2 Rd2 23. Ra1 Rad8 24. a3 Rc2 25. b4 Rdd2 26. Rf1 f5
27. h4 h5 28. a4 Kf7 29. b5 Rxf2+ 30. Rxf2 Rxf2+ 31. Kxf2 Ke6 32. Ke2 Kd5 33.
Kd2 Kc4 34. Kc2 cxb5 35. axb5 Kxb5 36. Kc3 Kc5 37. Kb3 a5 38. Ka4 Kc4 39. Kxa5
Kd3 40. Kb6 Kxe3 41. Kxb7 Kd4 42. Kc6 e3 43. Kd6 e2 44. Ke6 e1=Q+ 45. Kxf5 Qxg3
46. Ke6 Qg6+ 47. Kd7 Kc5 48. Kc8 Kc6 49. Kd8 Qf7 50. Kc8 Qe8# 0-1